| 000 | 01518nam a22001577a 4500 | ||
|---|---|---|---|
| 041 | _aukr | ||
| 080 | _a09 | ||
| 090 | _bЛІТ | ||
| 100 | _aЛітвин Т.В. | ||
| 245 | _aМова проповідей Біллі Грема | ||
| 260 |
_aОстрог _bКАФ _c2010 |
||
| 300 | _a55 | ||
| 520 |
_aВСТУП
РОЗДІЛ 1 ЛІНГВО-КОМУНІКАТИВНІ ОСОБЛИВОСТІ ПРОПОВІДІ
1.1 Комунікативна модель проповіді.
1.2 Лінгвістичні характеристики проповіді.
РОЗДІЛ 2 ВИЗНАЧАЛЬНІ СТИЛЬОВІ РИСИ АМЕРИКАНСЬКОЇ ПРОПОВІДІ
2.1 Виникнення, ознаки та історія становлення релігійного стилю у США.
2.2 Нео-євангелійний стиль проповідей Біллі Грема (кампанія 1950-х років).
РОЗДІЛ 3 МОВА ПРОПОВІДЕЙ БІЛЛІ ГРЕМА (НА ПРИКЛАДІ ПРОПОВІДЕЙ З ЙОГО ПЕРШОЇ МАСШТАБНОЇ ЄВАНГЕЛІЗАЦІЇ У ЛОС-АНЖЕЛЕСІ)
3.1 Образно-стилістична реалізація релігійної лексики у проповідницькій спадщині Біллі Грема.
3.2 Синтаксичні засоби організації проповідей Біллі Грема.
ВИСНОВКИ _0проповідь, Біллі Грем |
||
| 650 | _aResearch Papers | ||
| 999 |
_c284318 _d284318 |
||
| 942 | _cBK | ||